Statistics for North American Sports Rivalries

Click here to take the quiz!

General Stats

  • This quiz has been taken 148 times
  • The average score is 12 of 16

Answer Stats

SportHintTeams% Correct
BasketballHave met in the NBA finals a record 12 timesBoston Celtics
98%
Los Angeles Lakers
98%
New York Yankees
97%
BaseballThe "Curse of the Bambino"Boston Red Sox
95%
Football"Deflategate"New England Patriots
89%
FootballHave met at least twice a season since 1932Green Bay Packers
83%
Detroit Lions
76%
Montreal Canadiens
72%
HockeyHave met in a record 9 game 7 playoff matchesBoston Bruins
71%
Baseball"I-94 Rivalry"Chicago Cubs
63%
Houston Rockets
61%
Indianapolis/Baltimore Colts
59%
Basketball"The Dream" vs "The Mailman"Utah Jazz
59%
Detroit Red Wings
54%
Milwaukee Brewers
50%
Hockey"Bloody Wednesday"Colorado Avalanche
28%

Score Distribution

Percentile by Number Answered

Percent of People with Each Score

Your Score History

You have not taken this quiz